| 000 | 00595nam a2200181Ia 4500 | ||
|---|---|---|---|
| 003 | GCL | ||
| 008 | 140319s9999 xx 000 0 ara d | ||
| 040 |
_aGCL / _cGCL |
||
| 082 | 0 | 4 |
_a949.702 _bح ا |
| 100 | 1 | _aحسين عبدالقادر | |
| 245 | 1 | 0 |
_aانشطار يوغسلافيا : دراسة تحليلية تاريخية / _cحسين عبدالقادر |
| 300 | _a175 ص | ||
| 490 |
_aالهيئة العامة للاستعلامات _v0 |
||
| 650 | 0 | 4 | _aالبوسنة والهرسك |
| 650 | 0 | 4 | _aالمسلمون فى اوربا |
| 650 | 0 | 4 | _aيوغسلافيا |
| 942 |
_2ddc _cBK |
||
| 999 |
_c48092 _d48092 |
||